Online
Catalog

Triunfan las derechas (marzo 1933-septiembre 1934) : / (Record no. 23941)

MARC details
000 -CABECERA
campo de control de longitud fija 00843nam a2200241 a 4500
001 - NÚMERO DE CONTROL
campo de control 000024448
005 - FECHA Y HORA DE LA ÚLTIMA TRANSACCIÓN
campo de control 20200930023159.0
008 - DATOS DE LONGITUD FIJA--INFORMACIÓN GENERAL
campo de control de longitud fija 110127s1977 sp a r 000 0 spa d
020 ## - NÚMERO INTERNACIONAL ESTÁNDAR DEL LIBRO
Número Internacional Estándar del Libro 8432503568
040 ## - FUENTE DE LA CATALOGACIÓN
Centro catalogador/agencia de origen DO-SdBNP
Lengua de catalogación spa
Centro/agencia transcriptor BNPHU
082 ## - NÚMERO DE LA CLASIFICACIÓN DECIMAL DEWEY
Número de clasificación 946.081
Número de documento/Ítem F811t, 1977
049 ## - FONDOS LOCALES (OCLC)
Fondos de biblioteca BNGR
100 1# - ENTRADA PRINCIPAL--NOMBRE DE PERSONA
Nombre de persona Fragoso del Toro, Victor
9 (RLIN) 50120
245 10 - MENCIÓN DE TÍTULO
Título Triunfan las derechas (marzo 1933-septiembre 1934) : /
Mención de responsabilidad, etc. Víctor Fragoso del Toro.
250 ## - MENCIÓN DE EDICIÓN
Mención de edición 4a ed. corr. y aum.
260 ## - PUBLICACIÓN, DISTRIBUCIÓN, ETC.
Lugar de publicación, distribución, etc. Madrid, (España) :
Nombre del editor, distribuidor, etc. Editorial Doncel,
Fecha de publicación, distribución, etc. 1977.
300 ## - DESCRIPCIÓN FÍSICA
Extensión 228, [10] p. :
-- il. ;
-- 18 cm.
490 1# - MENCIÓN DE SERIE
Mención de serie El libro de bosillo Doncel
Designación de volumen o secuencia 131
490 1# - MENCIÓN DE SERIE
Mención de serie La España de ayer
651 #4 - PUNTO DE ACCESO ADICIONAL DE MATERIA--NOMBRE GEOGRÁFICO
Nombre geográfico España
Subdivisión general Historia
Subdivisión cronológica SEGUNDA REPÚBLICA, 1931-1939
9 (RLIN) 50121
651 #4 - PUNTO DE ACCESO ADICIONAL DE MATERIA--NOMBRE GEOGRÁFICO
Nombre geográfico España
Subdivisión general Historia
9 (RLIN) 8844
830 #0 - PUNTO DE ACCESO ADICIONAL DE SERIE-TÍTULO UNIFORME
Título uniforme El libro de bosillo Doncel,
Nombre de parte o sección de la obra La España de ayer;
Designación de volumen o secuencia 131
9 (RLIN) 50122
Holdings
Estado de retiro Estado de pérdida Restricciones de uso No para préstamo Código de colección Localización permanente Ubicación/localización actual Ubicación en estantería Fecha de adquisición Número de inventario Total de préstamos Signatura topográfica completa Código de barras Fecha visto por última vez Precio válido a partir de Tipo de ítem Koha Número de copia
        Monografías: Libros y Folletos General General En catalogación 27.01.2011 LF1   946.081 F811t, 1977 24448-10 25.06.2020 25.06.2020 Préstamo en sala  
      Préstamo restrigido Monografías: Libros y Folletos General General En catalogación 27.01.2011 LF1   946.081 F811t, 1977 24448-20 25.06.2020 25.06.2020 Préstamo en sala e.2
        Monografías: Libros y Folletos General General En catalogación 27.01.2011 LF1   946.081 F811t, 1977 24448-30 25.06.2020 25.06.2020 Préstamo en sala e.3

Powered by Koha